1586 1204 1363 1620 1661 1927 1515 1153 1222 1356 1934 1006 1502 1671 1856 1797 1911 1476 1408 1095 1300 1678 1603 1552 1503 1840 1371 1713 1627 1996 1707 1924 1794 1892 1495 1270 1008 1611 1780 1437 1071 1719 1122 1316 1815 1232 1105 1138 1555 1100 1016 1845 1320 1638 1620 1383 1351 1135 1534 1224 1765 1871 1612 1769 1038 1216 1240 1081 1518 1661 1794 1830 1146 1619 1416 1028 1299 1050 1908 1077 1689 1002 1354 1490 1803 1009 1195 1742 1803 1021 1204 1400 1949 1414 1270 1803 1785 1888 1889 BCNSPRNW ULIB Ver.6.0+V

เปลี่ยนเป็นภาษาไทย

Change to English
 แสดงรายละเอียดบรรณานุกรม
  กลับหน้าหลัก

Brief Record : Get Marc (ISO 2709) : E-mail record : QR code < ปิดหน้าต่าง
LEADER : 00000nam 2200000uu 4500
001    13399126779
003     ULIB
008    190304s2561||||th 000 0 tha d
020    ^a9786169316206
060    ^aWR140^bร925S
110    ^aโรงพยาบาลผิวหนัง อโศก
245    ^aSKIN BIBLE/^cโรงพยาบาลผิวหนัง อโศก
260    ^aกรุงเทพฯ :^bบริษัท ซุปเปอร์พิกเซล จำกัด,^c2561
300    ^a241 หน้า;^b21 ซม.
650    ^aผิวหนัง^xโรค
945    ^p349^l0^i27225
945    ^p349^l0^i27224
999    ^aกัณชพร จุลอักษร
รายการนี้ยังไม่มีแท็ก
คุณยังไม่ได้ล็อกอิน คุณสามารถมีกิจกรรมร่วมกับเว็บไซต์ได้ แต่ต้องล็อกอินก่อน ::
  ล็อกอิน

รายการสื่อสารสนเทศ

ลำดับที่ ประเภท เลขเรียก/บาร์โค้ด สถานที่ สถานะ
1. หนังสือสำรอง
หนังสือสำรอง
WR140 ร925S ฉ.1 
  Barcode: 27224
ห้องสมุดวิทยาเขตนครสวรรค์
►หนังสือทั่วไป:l:General Books
บนชั้น
2. วิทยาศาสตร์การแพทย์ และสุขภาพ
วิทยาศาสตร์การแพทย์ และสุขภาพ
WR140 ร925S ฉ.2 
  Barcode: 27225
ห้องสมุดวิทยาเขตนครสวรรค์
►หนังสือทั่วไป:l:General Books
บนชั้น

BibComment


ยังไม่เคยถูกคอมเมนท์

คอมเมนท์ทรัพยากรรายการนี้
  คอมเมนท์: SKIN BIBLE โรงพย..


 Copyright 2026. Bcnsprnw @Library